000 00447nam a2200169Ia 4500
003 GCL
008 140319s9999 xx 000 0 eng d
040 _aGCL /
_cGCL
082 0 4 _a746.46
_bL P
100 1 _aLAWTHER, GAIL
245 1 0 _aPRACTICAL PATCHWARK APPLIQUE TECHMIQUES /
_cLAWTHER, GAIL
260 _a[S.N] :
_bTIGER BOOKS INTERNATIONAL ،
_c1991
300 _a141 P P
650 0 4 _aPATCH WORK
650 0 4 _aHANDWORKS
942 _2ddc
_cBK
999 _c17655
_d17655